[Event "Aegean op 46th"]
[Site "Aghios Kirykos"]
[Date "2023.07.12"]
[Round "5"]
[White "Perrakis, Polychronis"]
[Black "Karagiannis, Athanasios"]
[Result "0-1"]
[WhiteElo "1596"]
[BlackElo "2138"]
[PlyCount "76"]
[EventDate "2023.07.09"]
[EventType "swiss"]
[EventRounds "9"]
[EventCountry "GRE"]
[SourceTitle "CBM 215 Extra"]
[Source "ChessBase"]
[SourceDate "2023.09.30"]
[SourceVersion "1"]
[SourceVersionDate "2023.09.30"]
[SourceQuality "1"]

1. e4 Nf6 2. e5 Nd5 3. Nf3 d6 4. d4 Bg4 5. Be2 c6 6. 0-0 Bxf3 7. Bxf3 dxe5 8. dxe5 e6 9. c4 Ne7 10. Qxd8+ Kxd8 11. Be4 Nd7 12. f4 Kc7 13. Nc3 Nf5 14. Rf3 Bc5+ 15. Kf1 Nb6 16. Bxf5 exf5 17. b3 Rad8 18. Ke2 Rhe8 19. Be3 Nd7 20. Rd1 Bxe3 21. Rxe3 Nc5 22. Rxd8 Rxd8 23. g3 a5 24. Kf3 h5 25. h4 Ne6 26. Kf2 g6 27. Re2 Nc5 28. Kf3 Rd4 29. Re1 a4 30. b4 Rxc4 31. bxc5 Rxc3+ 32. Re3 Rxc5 33. e6 fxe6 34. Rxe6 Rc3+ 35. Kf2 Rc2+ 36. Ke3 Rxa2 37. Rxg6 a3 38. Kd3 Rg2 0-1

[Event "Athens Iraklion op 25th"]
[Site "Athens"]
[Date "2023.06.25"]
[Round "9"]
[White "Perrakis, Polychronis"]
[Black "Tzortzatos, Dimosthenis Panagio"]
[Result "0-1"]
[WhiteElo "1561"]
[BlackElo "1866"]
[PlyCount "66"]
[EventDate "2023.06.17"]
[EventType "swiss"]
[EventRounds "9"]
[EventCountry "GRE"]
[SourceTitle "CBM 214 Extra"]
[Source "ChessBase"]
[SourceDate "2023.07.31"]
[SourceVersion "1"]
[SourceVersionDate "2023.07.31"]
[SourceQuality "1"]

1. e4 c5 2. d4 cxd4 3. c3 Nf6 4. e5 Nd5 5. cxd4 Nc6 6. Nf3 d6 7. Bc4 Nb6 8. Bb3 dxe5 9. Nxe5 Nxe5 10. dxe5 Qxd1+ 11. Bxd1 g6 12. 0-0 Bg7 13. f4 0-0 14. Nc3 Bf5 15. Bf3 Bd3 16. Rd1 Ba6 17. b3 g5 18. g3 gxf4 19. gxf4 f6 20. e6 f5 21. Bb2 Rfd8 22. Kh1 Kf8 23. Rg1 Rd2 24. Rxg7 Kxg7 25. Rg1+ Kf8 26. Bh5 Nd7 27. Ne4 Rxb2 28. Ng5 Nf6 29. Bf7 Ng4 30. Nf3 b6 31. h3 Rh2+ 32. Nxh2 Bb7+ 33. Rg2 Ne3 0-1

[Event "GRE-chT Online ED & SA 2nd"]
[Site "Tornelo INT"]
[Date "2022.05.14"]
[Round "2"]
[White "Perrakis, Polychronis"]
[Black "Rigatos, Panagiotis"]
[Result "0-1"]
[WhiteElo "1572"]
[BlackElo "1793"]
[PlyCount "74"]
[EventDate "2022.05.14"]
[EventType "team-swiss (rapid)"]
[EventRounds "7"]
[EventCountry "GRE"]
[SourceTitle "EXT 2024"]
[Source "ChessBase"]
[SourceDate "2023.10.10"]
[SourceVersion "1"]
[SourceVersionDate "2023.10.10"]
[SourceQuality "1"]

1. e4 c5 2. b3 Nc6 3. Nc3 Nf6 4. Bb2 d5 5. exd5 Nxd5 6. Bc4 e6 7. Nf3 Be7 8. 0-0 0-0 9. Re1 Bf6 10. Na4 Bxb2 11. Nxb2 b6 12. d4 Nc3 13. Qd3 cxd4 14. a3 Bb7 15. Nd1 Qf6 16. Ba6 Bxa6 17. Qxa6 Nd5 18. Nb2 Rfd8 19. Nd3 Rac8 20. Nde5 Nxe5 21. Nxe5 Rxc2 22. Nf3 Nf4 23. Rad1 Nh3+ 24. gxh3 Qxf3 25. Qf1 h5 26. Rd3 Qd5 27. f4 Rc3 28. Red1 Qxb3 29. Rxd4 Rxd4 30. Rxd4 Qxa3 31. Rd8+ Kh7 32. Qb1+ g6 33. Qf1 Rc1 34. Rd1 Qc5+ 35. Kg2 Rxd1 36. Qxd1 Qd5+ 37. Qxd5 exd5 0-1

[Event "Sparta ESPPEP-ch op 13th"]
[Site "Sparta"]
[Date "2017.03.31"]
[Round "1.2"]
[White "Hrisafis, Argirios"]
[Black "Perrakis, Polychronis"]
[Result "1-0"]
[WhiteElo "1876"]
[BlackElo "1608"]
[PlyCount "61"]
[EventDate "2017.03.31"]
[EventType "swiss"]
[EventRounds "5"]
[EventCountry "GRE"]
[SourceTitle "EXT 2024"]
[Source "ChessBase"]
[SourceDate "2023.10.10"]
[SourceVersion "1"]
[SourceVersionDate "2023.10.10"]
[SourceQuality "1"]

1. d4 Nf6 2. c4 c5 3. d5 b5 4. cxb5 a6 5. bxa6 Bxa6 6. Nc3 g6 7. Nf3 d6 8. g3 Bg7 9. Bg2 0-0 10. 0-0 Nbd7 11. Qc2 Qa5 12. Rd1 Rfb8 13. Rb1 Ng4 14. Bd2 Bxc3 15. Bxc3 Qxa2 16. Qd2 Bc4 17. e4 Ngf6 18. Qh6 Bd3 19. Rbc1 Bxe4 20. Re1 Bxf3 21. Rxe7 Ne5 22. Rxe5 Bxg2 23. Re7 Nh5 24. g4 Rb4 25. gxh5 Rd4 26. Rce1 Qa4 27. Bxd4 cxd4 28. Kxg2 d3 29. R7e4 Qb5 30. Kg1 Rc8 31. hxg6 1-0

[Event "GRE ESSPEP-ch 12th"]
[Site "Kalamata"]
[Date "2016.04.27"]
[Round "4"]
[White "Perrakis, Polychronis"]
[Black "Liakos, Christos Konstanti"]
[Result "1-0"]
[WhiteElo "1602"]
[BlackElo "1457"]
[PlyCount "23"]
[EventDate "2016.04.25"]
[EventType "swiss"]
[EventRounds "5"]
[EventCountry "GRE"]
[SourceTitle "EXT 2024"]
[Source "ChessBase"]
[SourceDate "2023.10.10"]
[SourceVersion "1"]
[SourceVersionDate "2023.10.10"]
[SourceQuality "1"]

1. e4 c5 2. Nf3 Nc6 3. c3 d5 4. exd5 Qxd5 5. d4 Bg4 6. Be2 cxd4 7. cxd4 h6 8. Nc3 Qd8 9. d5 Nb4 10. Qa4+ Qd7 11. Qxb4 a6 12. Ne5 1-0

[Event "GRE ESSPEP-ch 12th"]
[Site "Kalamata"]
[Date "2016.04.25"]
[Round "1"]
[White "Perrakis, Polychronis"]
[Black "Sgouros, Apostolos"]
[Result "0-1"]
[WhiteElo "1602"]
[BlackElo "1984"]
[PlyCount "62"]
[EventDate "2016.04.25"]
[EventType "swiss"]
[EventRounds "5"]
[EventCountry "GRE"]
[SourceTitle "EXT 2024"]
[Source "ChessBase"]
[SourceDate "2023.10.10"]
[SourceVersion "1"]
[SourceVersionDate "2023.10.10"]
[SourceQuality "1"]

1. e4 g6 2. d4 Bg7 3. Nf3 d6 4. c4 Nf6 5. Nc3 0-0 6. Be2 Nbd7 7. 0-0 e5 8. d5 Nc5 9. Qc2 a5 10. b3 Nh5 11. g3 f5 12. Nd2 Nf6 13. Bf3 f4 14. Bg2 g5 15. f3 fxg3 16. hxg3 Nh5 17. Ne2 g4 18. Rb1 Bh6 19. Kf2 Qg5 20. f4 exf4 21. gxf4 Nxf4 22. Nxf4 Qh4+ 23. Ke2 Bxf4 24. Kd1 Qg3 25. Bh1 Nd3 26. Nf3 Nxc1 27. Rg1 Qh3 28. Bg2 Qh6 29. Rh1 Qg7 30. Nd2 Qd4 31. Rb2 Nd3 0-1

[Event "GRE ESSPEP-ch"]
[Site "Peloponnisos"]
[Date "2014.03.22"]
[Round "3"]
[White "Perrakis, Polychronis"]
[Black "Sofronas, Andreas"]
[Result "1-0"]
[WhiteElo "1614"]
[BlackElo "1294"]
[PlyCount "112"]
[EventDate "2014.03.21"]
[EventType "swiss"]
[EventRounds "5"]
[EventCountry "GRE"]
[SourceTitle "EXT 2024"]
[Source "ChessBase"]
[SourceDate "2023.10.10"]
[SourceVersion "1"]
[SourceVersionDate "2023.10.10"]
[SourceQuality "1"]

1. e4 c5 2. Nf3 Nc6 3. d4 cxd4 4. Nxd4 g6 5. Nc3 Bg7 6. Be3 d6 7. Qd2 Bd7 8. Nb3 a6 9. 0-0-0 b5 10. f3 Rc8 11. Nd5 e6 12. Bb6 Qh4 13. g3 Qh5 14. Nf4 Qe5 15. Nd3 Qf6 16. Be3 Qxf3 17. Bg2 Qf6 18. Bg5 Qxg5 19. Qxg5 Bh6 20. Qxh6 Nxh6 21. h3 0-0 22. Nf4 Nb4 23. Rd2 e5 24. Nd5 Nxd5 25. Rxd5 Rc6 26. Rhd1 Rfc8 27. R1d2 Nf5 28. exf5 Bxf5 29. c3 b4 30. Rxd6 Rxd6 31. Rxd6 bxc3 32. Rc6 cxb2+ 33. Kxb2 Rxc6 34. Bxc6 Bxh3 35. Nc5 Bc8 36. a4 f5 37. Kc3 Kf7 38. a5 Ke7 39. Nb7 f4 40. gxf4 exf4 41. Kd4 Bd7 42. Bf3 Kf6 43. Nc5 Bb5 44. Bb7 h5 45. Bxa6 Bc6 46. Bd3 h4 47. a6 f3 48. Ke3 h3 49. Ne4+ Ke5 50. Kxf3 g5 51. Kg3 g4 52. Nf2 Kd4 53. Bf1 Kc5 54. Nxg4 Kb6 55. Ne5 h2 56. Kxh2 Bb5 1-0

[Event "Kalamata NOK op 4th"]
[Site "Kalamata"]
[Date "2013.11.03"]
[Round "4.3"]
[White "Bakis, Apollon Fivos"]
[Black "Perrakis, Polychronis"]
[Result "0-1"]
[WhiteElo "1261"]
[BlackElo "1636"]
[PlyCount "110"]
[EventDate "2013.10.13"]
[EventType "swiss"]
[EventRounds "7"]
[EventCountry "GRE"]
[SourceTitle "EXT 2024"]
[Source "ChessBase"]
[SourceDate "2023.10.10"]
[SourceVersion "1"]
[SourceVersionDate "2023.10.10"]
[SourceQuality "1"]

1. c4 e5 2. Nc3 Nf6 3. g3 c6 4. Nf3 d6 5. d3 h6 6. Bg2 Be6 7. b3 Nbd7 8. Bb2 Rc8 9. d4 e4 10. Nd2 d5 11. f3 e3 12. Nf1 dxc4 13. bxc4 Bxc4 14. Nxe3 Nb6 15. Bh3 Rc7 16. 0-0 Bb4 17. Rf2 0-0 18. Nxc4 Nxc4 19. Qa4 Qe7 20. a3 Nxb2 21. Qxb4 Qxb4 22. axb4 b5 23. Bg2 Rd8 24. e3 Nd3 25. Rfa2 Rdd7 26. Rb1 Nd5 27. Nxd5 cxd5 28. Rd2 Rc3 29. Bf1 Nc1 30. Bxb5 Rdc7 31. Kf2 Re7 32. Ba4 Rb7 33. Rc2 Nd3+ 34. Ke2 Rxc2+ 35. Bxc2 Nxb4 36. Ba4 a5 37. Rc1 Na6 38. Rc8+ Kh7 39. Bc2+ g6 40. h4 Rb2 41. h5 Kg7 42. hxg6 fxg6 43. Kd1 Nb4 44. Rc7+ Kf6 45. Kc1 Rxc2+ 46. Rxc2 Nxc2 47. Kxc2 h5 48. e4 dxe4 49. fxe4 g5 50. Kc3 h4 51. gxh4 gxh4 52. e5+ Ke6 53. Kc4 h3 54. d5+ Kxe5 55. Kc5 h2 0-1

[Event "Kalamata NOK op 2nd"]
[Site "Kalamata"]
[Date "2012.11.25"]
[Round "7.4"]
[White "Diakoumeas, Aristofanis"]
[Black "Perrakis, Polychronis"]
[Result "1/2-1/2"]
[WhiteElo "1493"]
[BlackElo "1673"]
[PlyCount "90"]
[EventDate "2012.10.14"]
[EventType "swiss"]
[EventRounds "7"]
[EventCountry "GRE"]
[SourceTitle "EXT 2024"]
[Source "ChessBase"]
[SourceDate "2023.10.10"]
[SourceVersion "1"]
[SourceVersionDate "2023.10.10"]
[SourceQuality "1"]

1. e4 e6 2. d4 d5 3. Nc3 c6 4. Nf3 Bb4 5. Bd3 dxe4 6. Bxe4 Nf6 7. Bd3 0-0 8. 0-0 Bxc3 9. bxc3 b6 10. Qe2 Qc7 11. Ng5 h6 12. Ne4 Nbd7 13. Qf3 Nxe4 14. Qxe4 Nf6 15. Qf3 Nd5 16. c4 Ne7 17. Bf4 Qd7 18. c3 Bb7 19. Qg3 Kh8 20. Rfe1 f5 21. Be5 Rf7 22. Qh4 Kh7 23. Qg3 g6 24. Re3 c5 25. Bc2 cxd4 26. cxd4 Nc6 27. Rd1 Nxe5 28. Qxe5 Qc6 29. f3 Qxc4 30. Bb3 Qc6 31. Qxe6 Qxe6 32. Rxe6 Rd7 33. Rde1 Rad8 34. Re7+ Kh8 35. R1e6 Bd5 36. Rxd7 Rxd7 37. Rxg6 Bxb3 38. axb3 Rxd4 39. Rxh6+ Kg7 40. Rc6 Rb4 41. Rc7+ Kf6 42. Rxa7 Rxb3 43. Rd7 b5 44. Rd2 b4 45. Kf1 f4 1/2-1/2

[Event "Kalamata NOK op 2nd"]
[Site "Kalamata"]
[Date "2012.11.04"]
[Round "4.6"]
[White "Perrakis, Polychronis"]
[Black "Klabatseas, Hristos"]
[Result "1/2-1/2"]
[WhiteElo "1673"]
[BlackElo "1400"]
[PlyCount "54"]
[EventDate "2012.10.14"]
[EventType "swiss"]
[EventRounds "7"]
[EventCountry "GRE"]
[SourceTitle "EXT 2024"]
[Source "ChessBase"]
[SourceDate "2023.10.10"]
[SourceVersion "1"]
[SourceVersionDate "2023.10.10"]
[SourceQuality "1"]

1. e4 e5 2. Nf3 Nc6 3. c3 Nf6 4. d4 exd4 5. e5 Nd5 6. cxd4 Bb4+ 7. Bd2 Bxd2+ 8. Nbxd2 0-0 9. Bc4 Nb6 10. Bd3 d6 11. Qb1 h6 12. 0-0 dxe5 13. dxe5 Re8 14. Re1 Be6 15. b4 Qe7 16. Bb5 Bd7 17. Bxc6 Bxc6 18. b5 Bd5 19. a4 Nd7 20. Qd3 Be6 21. Qc3 Nb6 22. Rac1 Nd5 23. Qc5 b6 24. Qxe7 Rxe7 25. Nd4 Nf4 26. Re3 Bd5 27. N2f3 Ng6 1/2-1/2